Developing digital literacies: a framework for professional learning
Guardat en:
| Autor principal: | |
|---|---|
| Format: | Llibre |
| Idioma: | anglès |
| Publicat: |
CORWIN Press-
2013.
|
| Etiquetes: |
Afegir etiqueta
Sense etiquetes, Sigues el primer a etiquetar aquest registre!
|
MARC
| LEADER | 00000nam a22000007a 4500 | ||
|---|---|---|---|
| 008 | 210126b ||||| |||| 00| 0 eng d | ||
| 020 | |a 978-1-4522-5552-1 | ||
| 100 | |a SUMMEY, Dustin C. | ||
| 245 | |a Developing digital literacies: |b a framework for professional learning |c Dustin C. Summey |g xix, 172p.; ill. | ||
| 260 | |b CORWIN Press- |c 2013. |h . Thousand Oaks, California |i 692382– Edu |i 692383 |l LB1731 .Su6 | ||
| 500 | |a “It includes references and index”. | ||
| 942 | |a lcc |c BK |e j o ifatola |f 26/1/2021 | ||
| 952 | |0 0 |1 0 |2 lcc |4 0 |6 LB1731 S U6 |7 0 |9 1922 |a HOL |b HOL |c LP |d 2021-01-26 |l 0 |o LB1731 .Su6 |p 2021-5786 |r 2021-01-26 00:00:00 |w 2021-01-26 |y BK | ||
| 952 | |0 0 |1 0 |2 lcc |4 0 |6 LB1731 S U6 |7 0 |9 1923 |a HOL |b ED |c LP |d 2021-01-26 |l 0 |o LB1731 .Su6 |r 2021-01-26 00:00:00 |w 2021-01-26 |y BK | ||
| 999 | |c 1013 |d 1013 | ||